000 00961cam a2200301 i 4500
001 830265
003 EG-ScBUE
005 20250615100237.0
008 770211s1977 nyua f b 101 0 eng d
020 _a0123144507
040 _aDLC
_beng
_erda
_cDLC
_dDLC
_dEG-ScBUE
082 0 4 _a536.25
_222
_bHEA
245 0 0 _aHeat transfer in boiling /
_cedited by E. Hahne and U. Grigull.
264 1 _aNew York :
_bAcademic Press,
_c1977.
300 _axiv, 486 pages :
_billustrations ;
_c25 cm
336 _2rdacontent
_atext
_btxt
337 _aunmediated
_2rdamedia
_bn
338 _avolume
_bnc
_2rdacarrier
504 _aIncludes bibliographical references and index.
650 7 _aEbullition
_xCongresses.
_2BUEsh
650 7 _aHeat
_xTransmission
_xCongresses.
_2BUEsh
_910905
651 _2BUEsh
653 _bGGEN
_cDecember2017
655 _vReading book
700 1 _aHahne, Erich,
_eeditor.
700 1 _aGrigull, Ulrich,
_d1912-
_eeditor.
942 _2ddc
_cBB
999 _c25783
_d25755